000 00655nam a2200229Ia 4500
003 OSt
005 20221005043652.0
006 a|||||r|||| 00| 0
007 ta
008 221004b |||||||| |||| 00| 0 eng d
024 _a62543
037 _cTextual
040 _aCRL
_cCRL
_beng
041 _2eng
_aeng
082 _aV2,4N77g, L7
100 _aFazal-E-Ras Syed
_9591782
245 0 _aJ P movement and the emergence of Janata party
_b A select bibliography.
260 _aGurgaon
_bIndian Documentation Service
_c1977
650 _aHISTORY
942 _hV2,4N77g, L7
_cTEXL
_2cc
999 _c952226
_d952226